2016 Summer Paralympics Medal Count - Statistics

General Stats
  • This quiz has been taken 40 times
  • The average score is 16 of 21
Answer Stats
Medals Country % Correct
239 China
100%
57 Germany
100%
147 Great Britain
100%
115 United States
100%
28 France
95%
81 Australia
92%
72 Brazil
92%
39 Italy
92%
21 Japan
92%
31 Spain
92%
21 New Zealand
82%
35 South Korea
82%
117 Ukraine
82%
29 Canada
79%
62 Netherlands
76%
39 Poland
74%
24 Iran
63%
18 Hungary
58%
18 Thailand
47%
31 Uzbekistan
16%
19 Tunisia
11%
No matching quizzes found
Score Distribution
Percent of People with Each Score
Percentile by Number Answered
Your Score History
You have not taken this quiz